Statistics for Z Vocabulary Words Quiz

Click here to take the quiz!

General Stats

  • This quiz has been taken 58,426 times
    (34,754 since last reset)
  • The average score is 12 of 20

Answer Stats

DefinitionWord% Correct
Striped African animalZebra
100%
Study of animalsZoology
95%
The twelve astrological signsZodiac
92%
Undead personZombie
90%
British spelling of the letter ZZed
79%
A generic huge numberZillion
79%
Letter of the Greek alphabetZeta
77%
Variety of green squash known to
the British as a courgette
Zucchini
72%
Outer skin of a citrusZest
69%
Overly fanatical personZealot
63%
WackyZany
57%
Mineral sometimes substituted
for diamonds: Cubic ______
Zirconia
57%
Opposite of nadirZenith
54%
German loan word meaning
"spirit of the times"
Zeitgeist
46%
The west windZephyr
42%
Snappy insultZinger
40%
Rigid dirigibleZeppelin
39%
Tube-shaped pastaZiti
36%
Tiered Babylonian templeZiggurat
30%
Genre of music from LouisianaZydeco
19%

Score Distribution

Percentile by Number Answered

Percent of People with Each Score

Your Score History

You have not taken this quiz since the last reset